Nemek közti különbségek táplálkozási zavarok terén

Bibliographic Details
Main Author: Józsa Eszter
Other Authors: Hübner Andrea Gabriella
Format: Thesis
Kulcsszavak:21. század
étkezési kultúra
nemek
pszichológia
táplálkozás
Z generáció
Online Access:http://dolgozattar.uni-bge.hu/59868

MARC

LEADER 00000nta a2200000 i 4500
001 dolg59868
005 20260409145656.0
008 260409suuuu hu om 000 hun d
040 |a BGE Dolgozattár Repozitórium  |b hun 
041 |a hu 
100 1 |a Józsa Eszter 
245 1 0 |a Nemek közti különbségek táplálkozási zavarok terén  |c Józsa Eszter  |h [elektronikus dokumentum] 
520 3 |a Szakdolgozatom témájának a táplálkozási zavarokat választottam. Először ismertetem a három legelterjedtebb betegséget, majd kitérek egyéb befolyásoló tényezőkre is. Például család, barátok befolyása az étkezésre. Kutatásom fő célja felfedezni a nemek közti különbségeket táplálkozási zavarok terén. Kérdőívemben igen nagy hangsúlyt fektettem az emberek tapasztalati úton való megítélésükre, a nemek közti különbségekről, de természetesen egyénekre szabott kérdések is megtalálhatóak. Szekunder kutatásom során végeztem több interjút és egy kísérletre is sort kerítettem. 
695 |a 21. század 
695 |a étkezési kultúra 
695 |a nemek 
695 |a pszichológia 
695 |a táplálkozás 
695 |a Z generáció 
700 1 |a Hübner Andrea Gabriella  |e ths 
856 4 0 |u http://dolgozattar.uni-bge.hu/59868/1/J%C3%B3zsa%20Eszter_Nemek%20k%C3%B6zti%20k%C3%BCl%C3%B6nbs%C3%A9gek%20t%C3%A1pl%C3%A1lkoz%C3%A1si%20zavarok%20ter%C3%A9n.pdf  |z Dokumentum-elérés 
856 4 0 |u http://dolgozattar.uni-bge.hu/59868/2/J%C3%B3zsa%20Eszter%20jav.pdf  |z Dokumentum-elérés 
856 4 0 |u http://dolgozattar.uni-bge.hu/59868/3/J%C3%B3zsa%20Eszter_b%C3%ADr%C3%A1lat.pdf  |z Dokumentum-elérés